عرض عادي
عرض مارك
- Histology.
مدخل مصطلح موضوعي
001 - رقم الضبط
- حقل الضبط: 52338
003 - معرف رقم الضبط
- حقل الضبط: OSt
005 - تاريخ ووقت أخر عملية
- حقل الضبط: 20151013203253.0
008 - عناصر بيانات ثابتة الطول
- حقل تحكم ثابت الطول: 151013|| aca||aabn | a|a d
040 ## - مصدر الفهرسة
- هيئة الفهرسة الأصلية: OSt
- وكالة الكتابة: OSt
150 ## - مدخل-- مصطلح تاريخي
- عنصر مدخل المصطلح الموضوعي او الاسم الجغرافي: Histology.
670 ## - بيانات المصدر موجوده
- الاستشهاد بالمصدر: Work cat.: (OSt): Ross, Michael H. 10860, Histology :, c2016.
